Cost analysis and benchmarking (Record no. 121984)
[ view plain ]
| 000 -LEADER | |
|---|---|
| fixed length control field | 02135cad a22002775a 4500 |
| 008 - FIXED-LENGTH DATA ELEMENTS--GENERAL INFORMATION | |
| fixed length control field | 240810t2024 xxk f 000 0 eng d |
| 020 ## - INTERNATIONAL STANDARD BOOK NUMBER | |
| International Standard Book Number | 9781783215300 |
| 035 ## - SYSTEM CONTROL NUMBER | |
| System control number | (Sirsi) u153640 |
| 041 0# - LANGUAGE CODE | |
| Language code of text/sound track or separate title | eng |
| 050 04 - LIBRARY OF CONGRESS CALL NUMBER | |
| Classification number | 658.99 $2 20 |
| 100 ## - MAIN ENTRY--PERSONAL NAME | |
| Personal name | Davidson, Sarah |
| 110 2# - MAIN ENTRY--CORPORATE NAME | |
| Corporate name or jurisdiction name as entry element | Royal Institution of Chartered Surveyors |
| 9 (RLIN) | 4900 |
| 245 00 - TITLE STATEMENT | |
| Title | Cost analysis and benchmarking |
| 260 ## - PUBLICATION, DISTRIBUTION, ETC. | |
| Place of publication, distribution, etc. | London, |
| Name of publisher, distributor, etc. | RICS, |
| Date of publication, distribution, etc. | August 2024 |
| 300 ## - PHYSICAL DESCRIPTION | |
| Extent | 42p. |
| 490 #0 - SERIES STATEMENT | |
| Series statement | RICS Practice Information |
| 490 #0 - SERIES STATEMENT | |
| Series statement | RICS Black Book |
| 520 ## - SUMMARY, ETC. | |
| Summary, etc. | Originally published as a guidance note in 2011 this document has been rewritten as practice information, so as to account for changes in legislation, case law and construction contracts introduced since 2011.<br/><br/>This practice information summarises the purpose and process of both cost analysis and construction project benchmarking.<br/><br/>It is based on current practice within the UK and covers the general principles applying to each operation. It does not seek to cover every approach to cost analysis or benchmarking but looks at the subject areas from a practical aspect.<br/><br/>In addition, while the processes of cost analysis and benchmarking are applicable to the whole life costs and carbon footprint associated with the construction and operation of a building, this guidance note considers capital cost only. The principles covered may, however, also be applied to costs in use.<br/><br/>Although each operation is considered individually, the relationship between the process of cost analysis and benchmarking is discussed, as well as looking at how the results from both can help inform the design development and cost planning activities of a planned project. |
| 520 ## - SUMMARY, ETC. | |
| Summary, etc. | Supersedes 1st edition, 2011, ISBN 9781842197097 |
| 650 24 - SUBJECT ADDED ENTRY--TOPICAL TERM | |
| Topical term or geographic name entry element | RICS BLACK BOOK |
| 650 24 - SUBJECT ADDED ENTRY--TOPICAL TERM | |
| Topical term or geographic name entry element | RICS QS AND CONSTRUCTION STANDARDS |
| 651 #4 - SUBJECT ADDED ENTRY--GEOGRAPHIC NAME | |
| Geographic name | United Kingdom |
| 690 ## - LOCAL SUBJECT ADDED ENTRY--TOPICAL TERM (OCLC, RLIN) | |
| Topical term or geographic name as entry element | Construction management |
| 9 (RLIN) | 6230 |
| 856 40 - ELECTRONIC LOCATION AND ACCESS | |
| Uniform Resource Identifier | <a href="https://www.rics.org/profession-standards/rics-standards-and-guidance/sector-standards/construction-standards/black-book/cost-analysis-and-benchmarking-2nd-edition">https://www.rics.org/profession-standards/rics-standards-and-guidance/sector-standards/construction-standards/black-book/cost-analysis-and-benchmarking-2nd-edition</a> |
| Public note | Available on RICS.org |
| 942 ## - ADDED ENTRY ELEMENTS (KOHA) | |
| Suppress in OPAC | 0 |
| Source of classification or shelving scheme | Dewey Decimal Classification |
| Withdrawn status | Lost status | Damaged status | Not for loan | Home library | Current library | Shelving location | Date acquired | Total Checkouts | Date last seen | Price effective from | Koha item type |
|---|---|---|---|---|---|---|---|---|---|---|---|
| Virtual | Virtual | Online | 20/08/2024 | 20/08/2024 | 20/08/2024 | Online material |